Seed health testing: progress towards the 21st century
Na minha lista:
| Autor principal: | |
|---|---|
| Formato: | Livro |
| Idioma: | inglês |
| Publicado em: |
Nueva York
CAB International
1997
|
| Assuntos: | |
| Tags: |
Adicionar Tag
Sem tags, seja o primeiro a adicionar uma tag!
|
MARC
| LEADER | 00000nam a2200000 a 4500 | ||
|---|---|---|---|
| 001 | UCN8823 | ||
| 003 | CL-VaPUC | ||
| 005 | 20211204074428.0 | ||
| 008 | 011123e19970000us 1 eng d | ||
| 082 | 0 | 4 | |a 631.521 |b HUT |2 21 |
| 100 | 1 | |a Hutchins, J. D |e author |9 620032 | |
| 245 | 1 | 0 | |a Seed health testing: progress towards the 21st century |
| 260 | |a Nueva York |b CAB International |c 1997 | ||
| 300 | |a 263 p | ||
| 583 | |a last modification |c 20011123 00:00:00 |k Rodrigo Vera | ||
| 650 | 0 | 0 | |a Semillas |9 264396 |
| 650 | 0 | 7 | |a DESARROLLO AGRICOLA |2 CL-VaPUC |9 259759 |
| 650 | 0 | 0 | |a Cultivos |9 264356 |
| 942 | |c BK | ||
| 945 | |a vberengu |d 20011123 00:00:00 | ||
| 546 | |a En Inglés | ||
| 536 | |a Plant Disease Committee | ||
| 518 | |p International Seed Testing Association, 2, Cambridge, 5-8 august 1996 | ||
| 999 | |c 383727 |d 383725 | ||
| 952 | |0 0 |1 0 |4 0 |6 631_521000000000000_HUT_1997 |7 0 |8 A |9 505966 |a BIBAGR |b BIBAGR |d 2020-01-23 |i 3738485 |o 631.521 HUT 1997 |p 3738485 |r 2025-01-20 |w 2020-01-23 |y BK |k AGR | ||